Capitalism and modern social theory: An analysis of the writing of Marx, Durkheim and Max Weber (Record no. 9167)

MARC details
000 -LEADER
fixed length control field 00467nam a2200157Ia 4500
008 - FIXED-LENGTH DATA ELEMENTS--GENERAL INFORMATION
fixed length control field 230917s9999||||xx |||||||||||||| ||und||
020 ## - ISBN
Price Rs. 95.00
040 ## - CATALOGING SOURCE
-- 5002097
Original cataloging agency VIVEKANANDA LIBRARY
041 ## - Language
-- English
082 ## - DDC NUMBER
Classification number 301.04 G36C
100 ## - MAIN ENTRY--PERSONAL NAME
Personal name Giddens, Anthony
245 #0 - TITLE STATEMENT
Title Capitalism and modern social theory: An analysis of the writing of Marx, Durkheim and Max Weber
260 ## - PUBLICATION, DISTRIBUTION, ETC. (IMPRINT)
Place of publication, distribution, etc New Delhi
Name of publisher, distributor, etc Cambridge University Press
Date of publication, distribution, etc 1992
300 ## - PHYSICAL DESCRIPTION
Pages xvii, 261 p.
942 ## - ADDED ENTRY ELEMENTS (KOHA)
Koha item type Books
Holdings
Withdrawn status Lost status Damaged status Not for loan Location (home branch) Sublocation or collection (holding branch) Date acquired Koha issues (times borrowed) Koha full call number Accession No. Koha date last seen Koha item type
        VIVEKANANDA LIBRARY VIVEKANANDA LIBRARY 24/05/2023   301.04 G36C 313803 17/09/2023 Books
© Designed and Maintained by Vivekananda Library, MDU Rohtak